000 01312nam a2200217Ia 4500
003 Ost
005 20260416102356.0
008 260416s9999||||xx |||||||||||||| ||und||
040 _cfsecg
041 _aara
082 _a310
100 _aبوعراب، رابح
_eمؤلف
245 0 _aدروس وتطبيقات على برمجيات STATA /
_c رابح بوعراب
260 _aالجزائر
_bجامعة الجزائر3: كلية العلوم الإقتصادية، العلوم التجارية وعلوم التسيير
_c2021
300 _a113 ورقة
_bايضاحات
_c30 سم
504 _aمراجع ص.113
520 _aالتعريف بيبئة العمل الخاصة البرنامج STATA و ادارة البيانات و التحليل الاحصائي لها باستخدام هذا البرنامج و المخططات و الرسومات البيانية و تحليل التباين و المقاربات المتعددة و تحليل الارتباط و الانحدار و مدخل لتحليل بيانات البانل باستخدام نفس البرنامج .
653 _aالاحصاء
710 _aجامعة الجزائر3: كلية العلوم الإقتصادية، العلوم التجارية وعلوم التسيير
_eناشر علمي
942 _cHANDOUT
999 _c41222
_d41222